Pokemon by Types - Statistics

General Stats
  • This quiz has been taken 19 times
  • The average score is 12 of 25
Answer Stats
Bulbasaur GP|PG % Correct
Caterpie B
100%
Metapod B
100%
Kricketot B
100%
Scatterbug B
100%
Lokix BK|KB
100%
Ledyba BL|LB
100%
Yanmega BL|LB
100%
Dwebble BR|RB
100%
Cutiefly BY|YB
100%
Mewtwo C
100%
UnownOne form C
100%
Uxie C
100%
Musharna C
100%
Gothorita C
100%
Solosis C
100%
Reuniclus C
100%
Cosmoem C
100%
Latios CD|DC
100%
Victini CF|FC
100%
Exeggcute CG|GC
100%
Natu CL|LC
100%
Swoobat CL|LC
100%
Dratini D
100%
Fraxure D
100%
Turtonator DF|FD
100%
Frigibax DI|ID
100%
Palkia DW|WD
100%
Voltorb E
100%
Jolteon E
100%
Flaaffy E
100%
Blitzle E
100%
Eelektrik E
100%
Xurkitree E
100%
Magneton ES|SE
100%
Togedemaru ES|SE
100%
Stunfisk EU|UE
100%
Slugma F
100%
Entei F
100%
Magmortar F
100%
Houndour FK|KF
100%
Talonflame FL|LF
100%
Chandelure FO|OF
100%
Iron Moth FP|PF
100%
Monferno FT|TF
100%
Meganium G
100%
Shroomish G
100%
Grotle G
100%
Serperior G
100%
Maractus G
100%
Decidueye GO|OG
100%
Roselia GP|PG
100%
Virizion GT|TG
100%
Lotad GW|WG
100%
Ludicolo GW|WG
100%
Whimsicott GY|YG
100%
Glaceon I
100%
Vanillite I
100%
Cryogonal I
100%
Avalugg I
100%
Swinub IU|UI
100%
Bisharp KS|SK
100%
Corvisquire L
100%
Taillow LN|NL
100%
Swellow LN|NL
100%
Fletchling LN|NL
100%
Trumbeak LN|NL
100%
Toucannon LN|NL
100%
Hawlucha LT|TL
100%
Gliscor LU|UL
100%
Chansey N
100%
Kangaskhan N
100%
Eevee N
100%
Furret N
100%
Exploud N
100%
Skitty N
100%
Spinda N
100%
Ambipom N
100%
Munchlax N
100%
Porygon-Z N
100%
Lillipup N
100%
Herdier N
100%
Stoutland N
100%
FurfrouNatural Form N
100%
Lechonk N
100%
Sandygast OU|UO
100%
Nidoran♂ P
100%
Nidorino P
100%
Muk P
100%
Revavroom PS|SP
100%
Sudowoodo R
100%
Rampardos R
100%
Geodude RU|UR
100%
Klinklang S
100%
Meltan S
100%
Hitmonlee T
100%
Makuhita T
100%
Poliwrath TW|WT
100%
Mudbray U
100%
Swampert UW|WU
100%
Horsea W
100%
Seaking W
100%
Magikarp W
100%
Octillery W
100%
Feebas W
100%
Kyogre W
100%
Piplup W
100%
Prinplup W
100%
Phione W
100%
Simipour W
100%
Popplio W
100%
Sobble W
100%
Chewtle W
100%
PalafinZero Form W
100%
FloetteRed Flower Y
100%
Slurpuff Y
100%
Dracovish DW|WD
67%
Poochyena K
67%
Volbeat B
50%
Sharpedo KW|WK
50%
Tranquill LN|NL
50%
Aipom N
50%
Wailord W
33%
Pinsir B
0%
Pineco B
0%
Wurmple B
0%
Silcoon B
0%
Cascoon B
0%
Illumise B
0%
Kricketune B
0%
BurmyPlant Cloak B
0%
Karrablast B
0%
Shelmet B
0%
Accelgor B
0%
Spewpa B
0%
Grubbin B
0%
Blipbug B
0%
Tarountula B
0%
Spidops B
0%
Nymble B
0%
Rellor B
0%
Dottler BC|CB
0%
Orbeetle BC|CB
0%
Rabsca BC|CB
0%
Joltik BE|EB
0%
Galvantula BE|EB
0%
Charjabug BE|EB
0%
Vikavolt BE|EB
0%
Larvesta BF|FB
0%
Volcarona BF|FB
0%
Sizzlipede BF|FB
0%
Centiskorch BF|FB
0%
Paras BG|GB
0%
Parasect BG|GB
0%
WormadamPlant Cloak BG|GB
0%
Sewaddle BG|GB
0%
Swadloon BG|GB
0%
Leavanny BG|GB
0%
Snom BI|IB
0%
Frosmoth BI|IB
0%
Butterfree BL|LB
0%
Scyther BL|LB
0%
Ledian BL|LB
0%
Yanma BL|LB
0%
Beautifly BL|LB
0%
Masquerain BL|LB
0%
Ninjask BL|LB
0%
Mothim BL|LB
0%
Combee BL|LB
0%
Vespiquen BL|LB
0%
VivillonMeadow Pattern BL|LB
0%
Shedinja BO|OB
0%
Weedle BP|PB
0%
Kakuna BP|PB
0%
Beedrill BP|PB
0%
Venonat BP|PB
0%
Venomoth BP|PB
0%
Spinarak BP|PB
0%
Ariados BP|PB
0%
Dustox BP|PB
0%
Skorupi BP|PB
0%
Venipede BP|PB
0%
Whirlipede BP|PB
0%
Scolipede BP|PB
0%
Shuckle BR|RB
0%
Anorith BR|RB
0%
Armaldo BR|RB
0%
Crustle BR|RB
0%
Kleavor BR|RB
0%
Forretress BS|SB
0%
Scizor BS|SB
0%
Escavalier BS|SB
0%
Durant BS|SB
0%
Genesect BS|SB
0%
Heracross BT|TB
0%
Buzzwole BT|TB
0%
Pheromosa BT|TB
0%
Slither Wing BT|TB
0%
Nincada BU|UB
0%
Surskit BW|WB
0%
Dewpider BW|WB
0%
Araquanid BW|WB
0%
Wimpod BW|WB
0%
Golisopod BW|WB
0%
Ribombee BY|YB
0%
Abra C
0%
Kadabra C
0%
Alakazam C
0%
Drowzee C
0%
Hypno C
0%
Mew C
0%
Espeon C
0%
Wobbuffet C
0%
Spoink C
0%
Grumpig C
0%
Chimecho C
0%
Wynaut C
0%
DeoxysNormal Forme C
0%
Chingling C
0%
Mesprit C
0%
Azelf C
0%
Cresselia C
0%
Munna C
0%
Gothita C
0%
Gothitelle C
0%
Duosion C
0%
Elgyem C
0%
Beheeyem C
0%
Espurr C
0%
MeowsticMale C
0%
Cosmog C
0%
Necrozma C
0%
Hatenna C
0%
Hattrem C
0%
Flittle C
0%
Espathra C
0%
Latias CD|DC
0%
Delphox CF|FC
0%
Armarouge CF|FC
0%
Exeggutor CG|GC
0%
Celebi CG|GC
0%
Calyrex CG|GC
0%
Iron Leaves CG|GC
0%
Jynx CI|IC
0%
Smoochum CI|IC
0%
Mr. Rime CI|IC
0%
Inkay CK|KC
0%
Malamar CK|KC
0%
Xatu CL|LC
0%
Lugia CL|LC
0%
Woobat CL|LC
0%
Sigilyph CL|LC
0%
Girafarig CN|NC
0%
MeloettaAria Forme CN|NC
0%
Oranguru CN|NC
0%
IndeedeeMale CN|NC
0%
Wyrdeer CN|NC
0%
Farigiraf CN|NC
0%
HoopaHoopa Confined CO|OC
0%
Lunala CO|OC
0%
Munkidori CP|PC
0%
Lunatone CR|RC
0%
Solrock CR|RC
0%
Iron Boulder CR|RC
0%
Beldum CS|SC
0%
Metang CS|SC
0%
Metagross CS|SC
0%
Jirachi CS|SC
0%
Bronzor CS|SC
0%
Bronzong CS|SC
0%
Solgaleo CS|SC
0%
Iron Crown CS|SC
0%
Meditite CT|TC
0%
Medicham CT|TC
0%
Gallade CT|TC
0%
Baltoy CU|UC
0%
Claydol CU|UC
0%
Slowpoke CW|WC
0%
Slowbro CW|WC
0%
Starmie CW|WC
0%
Slowking CW|WC
0%
Bruxish CW|WC
0%
Veluza CW|WC
0%
Mr. Mime CY|YC
0%
Ralts CY|YC
0%
Kirlia CY|YC
0%
Gardevoir CY|YC
0%
Mime Jr. CY|YC
0%
Tapu Lele CY|YC
0%
Hatterene CY|YC
0%
Scream Tail CY|YC
0%
Dragonair D
0%
Bagon D
0%
Shelgon D
0%
Axew D
0%
Haxorus D
0%
Druddigon D
0%
Goomy D
0%
Sliggoo D
0%
Goodra D
0%
Jangmo-o D
0%
Regidrago D
0%
Zekrom DE|ED
0%
Dracozolt DE|ED
0%
MiraidonUltimate Mode DE|ED
0%
Raging Bolt DE|ED
0%
Reshiram DF|FD
0%
Gouging Fire DF|FD
0%
Applin DG|GD
0%
Flapple DG|GD
0%
Appletun DG|GD
0%
Dipplin DG|GD
0%
Hydrapple DG|GD
0%
KyuremKyurem DI|ID
0%
Arctibax DI|ID
0%
Baxcalibur DI|ID
0%
Deino DK|KD
0%
Zweilous DK|KD
0%
Hydreigon DK|KD
0%
Guzzlord DK|KD
0%
Roaring Moon DK|KD
0%
Dragonite DL|LD
0%
Altaria DL|LD
0%
Salamence DL|LD
0%
Rayquaza DL|LD
0%
Noibat DL|LD
0%
Noivern DL|LD
0%
Drampa DN|ND
0%
Cyclizar DN|ND
0%
GiratinaAltered Forme DO|OD
0%
Dreepy DO|OD
0%
Drakloak DO|OD
0%
Dragapult DO|OD
0%
Dragalge DP|PD
0%
Naganadel DP|PD
0%
Eternatus DP|PD
0%
Tyrunt DR|RD
0%
Tyrantrum DR|RD
0%
Dialga DS|SD
0%
Duraludon DS|SD
0%
Archaludon DS|SD
0%
Hakamo-o DT|TD
0%
Kommo-o DT|TD
0%
KoraidonApex Build DT|TD
0%
Vibrava DU|UD
0%
Flygon DU|UD
0%
Gible DU|UD
0%
Gabite DU|UD
0%
Garchomp DU|UD
0%
Zygarde50% Forme DU|UD
0%
Kingdra DW|WD
0%
TatsugiriCurly Form DW|WD
0%
Walking Wake DW|WD
0%
Pikachu E
0%
Raichu E
0%
Electrode E
0%
Electabuzz E
0%
Pichu E
0%
Mareep E
0%
Ampharos E
0%
Elekid E
0%
Raikou E
0%
Electrike E
0%
Manectric E
0%
Plusle E
0%
Minun E
0%
Shinx E
0%
Luxio E
0%
Luxray E
0%
Pachirisu E
0%
Electivire E
0%
Zebstrika E
0%
Tynamo E
0%
Eelektross E
0%
Zeraora E
0%
Yamper E
0%
Boltund E
0%
Pincurchin E
0%
Regieleki E
0%
Pawmi E
0%
Tadbulb E
0%
Bellibolt E
0%
Arctozolt EI|IE
0%
MorpekoFull Belly Mode EK|KE
0%
Zapdos EL|LE
0%
Emolga EL|LE
0%
ThundurusIncarnate Forme EL|LE
0%
Wattrel EL|LE
0%
Kilowattrel EL|LE
0%
Helioptile EN|NE
0%
Heliolisk EN|NE
0%
RotomRotom EO|OE
0%
Toxel EP|PE
0%
ToxtricityAmped Form EP|PE
0%
Iron Thorns ER|RE
0%
Magnemite ES|SE
0%
Magnezone ES|SE
0%
Pawmo ET|TE
0%
Pawmot ET|TE
0%
Iron Hands ET|TE
0%
Sandy Shocks EU|UE
0%
Chinchou EW|WE
0%
Lanturn EW|WE
0%
Dedenne EY|YE
0%
Tapu Koko EY|YE
0%
Charmander F
0%
Charmeleon F
0%
Vulpix F
0%
Ninetales F
0%
Growlithe F
0%
Arcanine F
0%
Ponyta F
0%
Rapidash F
0%
Magmar F
0%
Flareon F
0%
Cyndaquil F
0%
Quilava F
0%
Typhlosion F
0%
Magby F
0%
Torchic F
0%
Torkoal F
0%
Chimchar F
0%
Tepig F
0%
Pansear F
0%
Simisear F
0%
Darumaka F
0%
DarmanitanStandard Mode F
0%
Heatmor F
0%
Fennekin F
0%
Braixen F
0%
Litten F
0%
Torracat F
0%
Scorbunny F
0%
Raboot F
0%
Cinderace F
0%
Fuecoco F
0%
Crocalor F
0%
Charcadet F
0%
Scovillain FG|GF
0%
Houndoom FK|KF
0%
Incineroar FK|KF
0%
Chi-Yu FK|KF
0%
Charizard FL|LF
0%
Moltres FL|LF
0%
Ho-Oh FL|LF
0%
Fletchinder FL|LF
0%
OricorioBaile Style FL|LF
0%
Litleo FN|NF
0%
Pyroar FN|NF
0%
Litwick FO|OF
0%
Lampent FO|OF
0%
Blacephalon FO|OF
0%
Skeledirge FO|OF
0%
Ceruledge FO|OF
0%
Salandit FP|PF
0%
Salazzle FP|PF
0%
Magcargo FR|RF
0%
Carkol FR|RF
0%
Coalossal FR|RF
0%
Heatran FS|SF
0%
Combusken FT|TF
0%
Blaziken FT|TF
0%
Infernape FT|TF
0%
Pignite FT|TF
0%
Emboar FT|TF
0%
Numel FU|UF
0%
Camerupt FU|UF
0%
Volcanion FW|WF
0%
Tangela G
0%
Chikorita G
0%
Bayleef G
0%
Bellossom G
0%
Sunkern G
0%
Sunflora G
0%
Treecko G
0%
Grovyle G
0%
Sceptile G
0%
Seedot G
0%
Cacnea G
0%
Turtwig G
0%
Cherubi G
0%
CherrimOvercast Form G
0%
Carnivine G
0%
Tangrowth G
0%
Leafeon G
0%
ShayminLand Forme G
0%
Snivy G
0%
Servine G
0%
Pansage G
0%
Simisage G
0%
Petilil G
0%
Lilligant G
0%
Chespin G
0%
Quilladin G
0%
Skiddo G
0%
Gogoat G
0%
Fomantis G
0%
Lurantis G
0%
Bounsweet G
0%
Steenee G
0%
Tsareena G
0%
Grookey G
0%
Thwackey G
0%
Rillaboom G
0%
Gossifleur G
0%
Eldegoss G
0%
Sprigatito G
0%
Floragato G
0%
Capsakid G
0%
OgerponTeal Mask G
0%
Snover GI|IG
0%
Abomasnow GI|IG
0%
Nuzleaf GK|KG
0%
Shiftry GK|KG
0%
Cacturne GK|KG
0%
Zarude GK|KG
0%
Meowscarada GK|KG
0%
Brute Bonnet GK|KG
0%
Wo-Chien GK|KG
0%
Hoppip GL|LG
0%
Skiploom GL|LG
0%
Jumpluff GL|LG
0%
Tropius GL|LG
0%
Rowlet GL|LG
0%
Dartrix GL|LG
0%
DeerlingSpring Form GN|NG
0%
SawsbuckSpring Form GN|NG
0%
Smoliv GN|NG
0%
Dolliv GN|NG
0%
Arboliva GN|NG
0%
Phantump GO|OG
0%
Trevenant GO|OG
0%
Pumpkaboo GO|OG
0%
Gourgeist GO|OG
0%
Dhelmise GO|OG
0%
Bramblin GO|OG
0%
Brambleghast GO|OG
0%
Poltchageist GO|OG
0%
Sinistcha GO|OG
0%
Bulbasaur GP|PG
0%
Ivysaur GP|PG
0%
Venusaur GP|PG
0%
Oddish GP|PG
0%
Gloom GP|PG
0%
Vileplume GP|PG
0%
Bellsprout GP|PG
0%
Weepinbell GP|PG
0%
Victreebel GP|PG
0%
Budew GP|PG
0%
Roserade GP|PG
0%
Foongus GP|PG
0%
Amoonguss GP|PG
0%
Lileep GR|RG
0%
Cradily GR|RG
0%
Ferroseed GS|SG
0%
Ferrothorn GS|SG
0%
Kartana GS|SG
0%
Breloom GT|TG
0%
Chesnaught GT|TG
0%
Torterra GU|UG
0%
Toedscool GU|UG
0%
Toedscruel GU|UG
0%
Lombre GW|WG
0%
Cottonee GY|YG
0%
Morelull GY|YG
0%
Shiinotic GY|YG
0%
Tapu Bulu GY|YG
0%
Snorunt I
0%
Glalie I
0%
Regice I
0%
Vanillish I
0%
Vanilluxe I
0%
Cubchoo I
0%
Beartic I
0%
Bergmite I
0%
EiscueIce Face I
0%
Glastrier I
0%
Cetoddle I
0%
Cetitan I
0%
Sneasel IK|KI
0%
Weavile IK|KI
0%
Chien-Pao IK|KI
0%
Articuno IL|LI
0%
Delibird IL|LI
0%
Froslass IO|OI
0%
Amaura IR|RI
0%
Aurorus IR|RI
0%
Crabominable IT|TI
0%
Piloswine IU|UI
0%
Mamoswine IU|UI
0%
Dewgong IW|WI
0%
Cloyster IW|WI
0%
Lapras IW|WI
0%
Spheal IW|WI
0%
Sealeo IW|WI
0%
Walrein IW|WI
0%
Arctovish IW|WI
0%
Iron Bundle IW|WI
0%
Umbreon K
0%
Mightyena K
0%
Absol K
0%
Darkrai K
0%
Purrloin K
0%
Liepard K
0%
Zorua K
0%
Zoroark K
0%
Nickit K
0%
Thievul K
0%
Maschiff K
0%
Mabosstiff K
0%
Murkrow KL|LK
0%
Honchkrow KL|LK
0%
Vullaby KL|LK
0%
Mandibuzz KL|LK
0%
Yveltal KL|LK
0%
Bombirdier KL|LK
0%
Iron Jugulis KL|LK
0%
Obstagoon KN|NK
0%
Sableye KO|OK
0%
Spiritomb KO|OK
0%
Stunky KP|PK
0%
Skuntank KP|PK
0%
Drapion KP|PK
0%
Overqwil KP|PK
0%
Tyranitar KR|RK
0%
Pawniard KS|SK
0%
Kingambit KS|SK
0%
Scraggy KT|TK
0%
Scrafty KT|TK
0%
Pangoro KT|TK
0%
UrshifuSingle Strike Style KT|TK
0%
Sandile KU|UK
0%
Krokorok KU|UK
0%
Krookodile KU|UK
0%
Ting-Lu KU|UK
0%
Carvanha KW|WK
0%
Crawdaunt KW|WK
0%
Greninja KW|WK
0%
Impidimp KY|YK
0%
Morgrem KY|YK
0%
Grimmsnarl KY|YK
0%
TornadusIncarnate Forme L
0%
Rookidee L
0%
Pidgey LN|NL
0%
Pidgeotto LN|NL
0%
Pidgeot LN|NL
0%
Spearow LN|NL
0%
Fearow LN|NL
0%
Farfetch'd LN|NL
0%
Doduo LN|NL
0%
Dodrio LN|NL
0%
Hoothoot LN|NL
0%
Noctowl LN|NL
0%
Swablu LN|NL
0%
Starly LN|NL
0%
Staravia LN|NL
0%
Staraptor LN|NL
0%
Chatot LN|NL
0%
Pidove LN|NL
0%
Unfezant LN|NL
0%
Rufflet LN|NL
0%
Braviary LN|NL
0%
Pikipek LN|NL
0%
SquawkabillyGreen Plumage LN|NL
0%
Drifloon LO|OL
0%
Drifblim LO|OL
0%
Zubat LP|PL
0%
Golbat LP|PL
0%
Crobat LP|PL
0%
Aerodactyl LR|RL
0%
Archen LR|RL
0%
Archeops LR|RL
0%
MiniorMeteor Form LR|RL
0%
Skarmory LS|SL
0%
Celesteela LS|SL
0%
Corviknight LS|SL
0%
Flamigo LT|TL
0%
Gligar LU|UL
0%
LandorusIncarnate Forme LU|UL
0%
Gyarados LW|WL
0%
Mantine LW|WL
0%
Wingull LW|WL
0%
Pelipper LW|WL
0%
Mantyke LW|WL
0%
Ducklett LW|WL
0%
Swanna LW|WL
0%
Cramorant LW|WL
0%
Togetic LY|YL
0%
Togekiss LY|YL
0%
EnamorusIncarnate Forme LY|YL
0%
Rattata N
0%
Raticate N
0%
Meowth N
0%
Persian N
0%
Lickitung N
0%
Tauros N
0%
Ditto N
0%
Porygon N
0%
Snorlax N
0%
Sentret N
0%
Dunsparce N
0%
Teddiursa N
0%
Ursaring N
0%
Porygon2 N
0%
Stantler N
0%
Smeargle N
0%
Miltank N
0%
Blissey N
0%
Zigzagoon N
0%
Linoone N
0%
Slakoth N
0%
Vigoroth N
0%
Slaking N
0%
Whismur N
0%
Loudred N
0%
Delcatty N
0%
Zangoose N
0%
CastformNormal N
0%
Kecleon N
0%
Bidoof N
0%
Buneary N
0%
Lopunny N
0%
Glameow N
0%
Purugly N
0%
Happiny N
0%
Lickilicky N
0%
Regigigas N
0%
ArceusArceus N
0%
Patrat N
0%
Watchog N
0%
Audino N
0%
Minccino N
0%
Cinccino N
0%
Bouffalant N
0%
Bunnelby N
0%
Yungoos N
0%
Gumshoos N
0%
Type: Null N
0%
SilvallyType: Normal N
0%
Komala N
0%
Skwovet N
0%
Greedent N
0%
Wooloo N
0%
Dubwool N
0%
OinkologneMale N
0%
Tandemaus N
0%
MausholdFamily of Three N
0%
DudunsparceTwo-Segment Form N
0%
TerapagosNormal Form N
0%
Shroodle NP|PN
0%
Grafaiai NP|PN
0%
Stufful NT|TN
0%
Bewear NT|TN
0%
Diggersby NU|UN
0%
Ursaluna NU|UN
0%
Bibarel NW|WN
0%
Jigglypuff NY|YN
0%
Wigglytuff NY|YN
0%
Igglybuff NY|YN
0%
Azurill NY|YN
0%
Misdreavus O
0%
Shuppet O
0%
Banette O
0%
Duskull O
0%
Dusclops O
0%
Mismagius O
0%
Dusknoir O
0%
Yamask O
0%
Cofagrigus O
0%
Sinistea O
0%
Polteageist O
0%
Cursola O
0%
Spectrier O
0%
Greavard O
0%
Houndstone O
0%
GimmighoulChest Form O
0%
Gastly OP|PO
0%
Haunter OP|PO
0%
Gengar OP|PO
0%
Pecharunt OP|PO
0%
Honedge OS|SO
0%
Doublade OS|SO
0%
AegislashShield Forme OS|SO
0%
Gholdengo OS|SO
0%
Marshadow OT|TO
0%
Annihilape OT|TO
0%
Golett OU|UO
0%
Golurk OU|UO
0%
Palossand OU|UO
0%
Runerigus OU|UO
0%
Frillish OW|WO
0%
Jellicent OW|WO
0%
BasculegionMale OW|WO
0%
MimikyuDisguised Form OY|YO
0%
Flutter Mane OY|YO
0%
Ekans P
0%
Arbok P
0%
Nidoran♀ P
0%
Nidorina P
0%
Grimer P
0%
Koffing P
0%
Weezing P
0%
Gulpin P
0%
Swalot P
0%
Seviper P
0%
Trubbish P
0%
Garbodor P
0%
Poipole P
0%
Nihilego PR|RP
0%
Glimmet PR|RP
0%
Glimmora PR|RP
0%
Varoom PS|SP
0%
Croagunk PT|TP
0%
Toxicroak PT|TP
0%
Sneasler PT|TP
0%
Okidogi PT|TP
0%
Nidoqueen PU|UP
0%
Nidoking PU|UP
0%
Clodsire PU|UP
0%
Tentacool PW|WP
0%
Tentacruel PW|WP
0%
Qwilfish PW|WP
0%
Skrelp PW|WP
0%
Mareanie PW|WP
0%
Toxapex PW|WP
0%
Fezandipiti PY|YP
0%
Nosepass R
0%
Regirock R
0%
Cranidos R
0%
Bonsly R
0%
Roggenrola R
0%
Boldore R
0%
Gigalith R
0%
Rockruff R
0%
LycanrocMidday Form R
0%
Rolycoly R
0%
Stonjourner R
0%
Nacli R
0%
Naclstack R
0%
Garganacl R
0%
Klawf R
0%
Aron RS|SR
0%
Lairon RS|SR
0%
Aggron RS|SR
0%
Shieldon RS|SR
0%
Bastiodon RS|SR
0%
Probopass RS|SR
0%
Stakataka RS|SR
0%
Terrakion RT|TR
0%
Graveler RU|UR
0%
Golem RU|UR
0%
Onix RU|UR
0%
Rhyhorn RU|UR
0%
Rhydon RU|UR
0%
Larvitar RU|UR
0%
Pupitar RU|UR
0%
Rhyperior RU|UR
0%
Omanyte RW|WR
0%
Omastar RW|WR
0%
Kabuto RW|WR
0%
Kabutops RW|WR
0%
Corsola RW|WR
0%
Relicanth RW|WR
0%
Tirtouga RW|WR
0%
Carracosta RW|WR
0%
Binacle RW|WR
0%
Barbaracle RW|WR
0%
Drednaw RW|WR
0%
Carbink RY|YR
0%
Diancie RY|YR
0%
Registeel S
0%
Klink S
0%
Klang S
0%
Melmetal S
0%
Perrserker S
0%
Cufant S
0%
Copperajah S
0%
Orthworm S
0%
Lucario ST|TS
0%
Cobalion ST|TS
0%
Steelix SU|US
0%
Excadrill SU|US
0%
Iron Treads SU|US
0%
Empoleon SW|WS
0%
Mawile SY|YS
0%
Klefki SY|YS
0%
Magearna SY|YS
0%
Tinkatink SY|YS
0%
Tinkatuff SY|YS
0%
Tinkaton SY|YS
0%
Mankey T
0%
Primeape T
0%
Machop T
0%
Machoke T
0%
Machamp T
0%
Hitmonchan T
0%
Tyrogue T
0%
Hitmontop T
0%
Hariyama T
0%
Riolu T
0%
Timburr T
0%
Gurdurr T
0%
Conkeldurr T
0%
Throh T
0%
Sawk T
0%
Mienfoo T
0%
Mienshao T
0%
Pancham T
0%
Crabrawler T
0%
Passimian T
0%
Clobbopus T
0%
Grapploct T
0%
Sirfetch'd T
0%
Falinks T
0%
ZamazentaHero of Many Battles T
0%
Kubfu T
0%
Great Tusk TU|UT
0%
KeldeoOrdinary Form TW|WT
0%
Quaquaval TW|WT
0%
Iron Valiant TY|YT
0%
Sandshrew U
0%
Sandslash U
0%
Diglett U
0%
Dugtrio U
0%
Cubone U
0%
Marowak U
0%
Phanpy U
0%
Donphan U
0%
Trapinch U
0%
Groudon U
0%
Hippopotas U
0%
Hippowdon U
0%
Drilbur U
0%
Mudsdale U
0%
Silicobra U
0%
Sandaconda U
0%
Wooper UW|WU
0%
Quagsire UW|WU
0%
Marshtomp UW|WU
0%
Barboach UW|WU
0%
Whiscash UW|WU
0%
GastrodonWest Sea UW|WU
0%
Palpitoad UW|WU
0%
Seismitoad UW|WU
0%
Squirtle W
0%
Wartortle W
0%
Blastoise W
0%
Psyduck W
0%
Golduck W
0%
Poliwag W
0%
Poliwhirl W
0%
Seel W
0%
Shellder W
0%
Krabby W
0%
Kingler W
0%
Seadra W
0%
Goldeen W
0%
Staryu W
0%
Vaporeon W
0%
Totodile W
0%
Croconaw W
0%
Feraligatr W
0%
Politoed W
0%
Remoraid W
0%
Suicune W
0%
Mudkip W
0%
Wailmer W
0%
Corphish W
0%
Milotic W
0%
Clamperl W
0%
Huntail W
0%
Gorebyss W
0%
Luvdisc W
0%
Buizel W
0%
Floatzel W
0%
ShellosWest Sea W
0%
Finneon W
0%
Lumineon W
0%
Manaphy W
0%
Oshawott W
0%
Dewott W
0%
Samurott W
0%
Panpour W
0%
Tympole W
0%
BasculinRed-Striped Form W
0%
Alomomola W
0%
Froakie W
0%
Frogadier W
0%
Clauncher W
0%
Clawitzer W
0%
Brionne W
0%
WishiwashiSolo Form W
0%
Pyukumuku W
0%
Drizzile W
0%
Inteleon W
0%
Arrokuda W
0%
Barraskewda W
0%
Quaxly W
0%
Quaxwell W
0%
Wiglett W
0%
Wugtrio W
0%
Finizen W
0%
Dondozo W
0%
Marill WY|YW
0%
Azumarill WY|YW
0%
Primarina WY|YW
0%
Tapu Fini WY|YW
0%
Clefairy Y
0%
Clefable Y
0%
Cleffa Y
0%
Togepi Y
0%
Snubbull Y
0%
Granbull Y
0%
FlabébéRed Flower Y
0%
FlorgesRed Flower Y
0%
Spritzee Y
0%
Aromatisse Y
0%
Swirlix Y
0%
Sylveon Y
0%
XerneasNeutral Mode Y
0%
Comfey Y
0%
Milcery Y
0%
AlcremieVanilla Cream Y
0%
ZacianHero of Many Battles Y
0%
Fidough Y
0%
Dachsbun Y
0%
No matching quizzes found
Score Distribution
Percent of People with Each Score
Percentile by Number Answered
Your Score History
You have not taken this quiz